1094 1740 1276 1490 1408 1989 1643 1096 1086 1229 1082 1320 1646 1395 1028 1986 1370 1182 1510 1995 1033 1598 1111 1660 1583 1673 1679 1602 1114 1389 1661 1266 1099 1678 1120 1527 1655 1830 1820 1964 1380 1069 1630 1384 1668 1887 1147 1361 1601 1856 1711 1875 1508 1132 1195 1731 1732 1634 1472 1105 1791 1470 1145 1184 1870 1468 1423 1947 1047 1259 1173 1818 1791 1267 1469 1403 1365 1198 1704 1256 1423 1154 1067 1778 1178 1357 1027 1258 1626 1081 1898 1355 1358 1773 1936 1636 1754 1206 1890 BCNSPRNW ULIB Ver.6.0+V

เปลี่ยนเป็นภาษาไทย

Change to English
 แสดงรายละเอียดบรรณานุกรม
  กลับหน้าหลัก

Brief Record : Get Marc (ISO 2709) : E-mail record : QR code < ปิดหน้าต่าง
LEADER : 00000nam 2200000uu 4500
001    13399121932
003     ULIB
008    121214s2550||||th 000 0 tha d
020    ^a9789744820587
060  4 ^aWM188^bส271ค 2550
100 0  ^aสมภพ เรืองตระกูล
245 10 ^aความผิดปกติของการนอนหลับ :^bการประเมินและการรักษา /^cสมภพเรืองตระกูล
250    ^aพิมพ์ครั้งที่ 1
260    ^aกรุงเทพฯ :^bเรือนแก้วการพิมพ์,^c2550
300    ^a319 หน้า.;^c21 ซม.
490 0  ^aตำราจิตเวชสำหรับแพทย์เวชศาสตร์ครอบครัว ;^vชุดที่ 10
504    ^aเอกสารอ้างอิง
505 0  ^aดัชนีเรื่องท้ายเล่ม
650  2 ^aSleep
650  2 ^aSleep Disorders
710 2  ^aมหาวิทยาลัยมหิดล.^bคณะแพทยศาสตร์ศิริราชพยาบาล.
945    ^p350^l0^i15139
995    ^aทศพร
999    ^aทศพร เกษรทอง
รายการนี้ยังไม่มีแท็ก
คุณยังไม่ได้ล็อกอิน คุณสามารถมีกิจกรรมร่วมกับเว็บไซต์ได้ แต่ต้องล็อกอินก่อน ::
  ล็อกอิน

รายการสื่อสารสนเทศ

ลำดับที่ ประเภท เลขเรียก/บาร์โค้ด สถานที่ สถานะ
- ไม่พบข้อมูล -

รายการใกล้เคียง
    ผู้แต่ง [สมภพ เรืองตระกูล]

    หัวเรื่อง [Sleep]

BibComment


ยังไม่เคยถูกคอมเมนท์

คอมเมนท์ทรัพยากรรายการนี้
  คอมเมนท์: ความผิดปกติของกา..


 Copyright 2026. Bcnsprnw @Library